00559nam a22001817a 450000500170000000800410001702000230005804000140008108200150009510000170011010000180012724500550014526000330020030000580023349000200029150000540031165500120036520230906154418.0230125b sa ||||| |||| 00| 0 eng d a9781842399460qhbk crdaa3228 aJ 912 BARN aBarnham, Kay aLawrie, Robin a Young learner's atlas/bKay Barnham, Robin Lawrie aLondon:bAlligator,c ©2006 a 40 pages:bcolor illustrations, color maps ; c29CM. 3Young learner's a"With over 300 world facts"--Cover Includes index 2Atlases